000 01413nam a22002651i 4500
005 20210202124501.0
008 210202s2019 enkao||g ||| 000 0aeng d
020 _a9781787392403
_cRM 153.73
_qhardback
040 _aPPAK
_beng
_cPPAK
_erda
082 0 4 _223
_a796.342092
090 0 0 _a796.342092
_bSPR
_dG
100 1 _aSpragg, Iain,
_eauthor.
245 1 0 _aFEDERER :
_bPORTRAIT OF A TENNIS LEGEND /
_cIAIN SPRAGG
264 1 _aLondon :
_bCARLTON BOOKS ,
_c2019
264 4 _c©2019.
300 _a160 pages :
_bcolour illustrations and photographs ;
_c26 cm.
336 _2rdacontent
_atext
_astill image
337 _2rdamedia
_aunmediated
338 _2rdacarrier
_avolume
520 _aThis biography, filled with photographs from his sensational career, follows Roger Federer from his first steps in tennis in the junior tournaments right through to the main professional circuit. It is an illustrated biography of a man who has graced the world of tennis for more than two decades, playing with grace, panache, and magnificent sportsmanship. He who has transcended tennis to become one of the greatest sportsmen of the 21st century. This portrait illustrates his great rivalries, his great matches and his great victories.
600 _aFederer, Roger, 1981-,
_vPortraits.
650 1 0 _aTennis players
_zSwitzerland
_vBiography.
650 2 0 _aTennis players
_zSwitzerland
_vPortraits.
942 _2ddc
_cB
999 _c181739
_d181739